000 00643nam a2200277Ia 4500
005 20260324112001.0
008 008 260324s9999 xx 000 0 eng d
020 _a9781003604518
037 _aEBOOK
040 _aCRL
040 _beng
040 _cCRL
041 _2eng
041 _aeng
084 _qCRL
100 _aMichael Roth
_91140820
245 0 _aModeling and Simulation of Everyday Things
260 _bTaylor and Francis
260 _c2025
365 _a
365 _b355
856 _uhttp://www.taylorfrancis.com/books/9781003604518
942 _cEBOOK
999 _c1729838
_d1729838